Čekání na boom?

Pohľad na potenciál rastu českého poistného trhu v porovnaní s trhom EU a trhom ostatných kandidátskych krajín na vstup do EU. Poistné v životnom a neživotnom poistení na 1 obyvateľa za r. 1999 v jednotlivých krajinách Európy.

Saved in:
Bibliographic Details
Main Author: Hagen, Peter
Format: Book Chapter
Language:Czech
Subjects:
Tags: Add Tag
No Tags, Be the first to tag this record!

MARC

LEADER 00000naa a2200000 4500
001 r044148
005 20230922100810.6
041 0 |a cze 
044 |a CZ 
245 1 0 |a Čekání na boom?  |c Peter Hagen 
520 |a Pohľad na potenciál rastu českého poistného trhu v porovnaní s trhom EU a trhom ostatných kandidátskych krajín na vstup do EU. Poistné v životnom a neživotnom poistení na 1 obyvateľa za r. 1999 v jednotlivých krajinách Európy. 
610 2 0 |a poistenie 
610 2 0 |a poistenie neživotné 
610 2 0 |a poistenie životné 
610 2 0 |a poistné 
610 2 0 |a trh poistný 
610 2 0 |a produkt domáci hrubý 
610 2 0 |a Česko 
610 2 0 |a Slovensko 
610 2 0 |a Európska únia 
100 1 |a Hagen, Peter